Nové nároky si vyžadujú nový prístup Využiť podporu, ktorú vynálezcovstvu a zlepšovateľstvu dalo 5. zasadanie ÚV KSČ

Bibliographic Details
Main Authors: Bělohlávek, Miroslav (Author), Marušák, Štefan (Author)
Format: Article
Language:Slovak
Subjects:

MARC

LEADER 00000nab a2200000 a 4500
001 vtls000282979
003 SK-MaSNL
005 20260302215951.0
008 111201c1987 xo 0 slo
015 |a SNBRB19rr/mm-uuuuu 
035 |a CL0293097 
040 |a SNKBUCL  |b slo  |c SNKBUCL  |e AACR2 
041 0 |a slo 
044 |a xo  |c SK 
080 |a 331.876.6(437)  |2 1981 
080 |a 608  |2 1981 
100 1 |a Bělohlávek, Miroslav  |4 aut  |9 285683 
245 1 0 |a Nové nároky si vyžadujú nový prístup  |b Využiť podporu, ktorú vynálezcovstvu a zlepšovateľstvu dalo 5. zasadanie ÚV KSČ  |c Miroslav Bělohlávek, Štefan Marušák 
650 0 7 |a vynálezcovstvo  |2 snkbucl  |9 276625 
650 0 7 |a zlepšovateľstvo  |2 snkbucl  |9 271831 
655 7 |a články z novín a časopisov  |2 snkbucl  |9 267496 
700 1 |a Marušák, Štefan  |4 aut  |9 270680 
773 0 |t Technické noviny  |g Roč. 35, č. 16 (1987), s. 1 a 4 
850 |a Slovenská národná knižnica v Martine  |a MTA001 
852 |a SNK  |b KIS3GCP 
958 |a RK 
992 |a RBX 
999 |c 1504841  |d 1506771